Statistiques concernant Dactylographie_Lettre "QM"

Cliquez ici pour prendre le quiz!

Statistiques générales

  • Ce quiz a été pris 76 fois
  • Le résultat moyen est 101 sur 200

Statistiques - réponses

HintRéponse% Correct
mm
100%
mm
100%
mm
100%
mm
100%
mm
100%
mm
100%
mm
100%
mm
100%
mm
100%
mm
100%
mm
100%
mm
100%
mm
100%
mm
100%
qq
100%
qq
100%
qq
100%
qq
100%
qq
100%
qq
100%
qq
100%
qq
100%
qq
100%
qq
100%
qq
100%
qq
100%
qq
100%
qq
100%
mm
97%
mm
97%
mm
97%
mm
97%
qq
97%
qq
97%
qq
97%
qq
97%
mm
94%
qq
94%
mm
91%
mm
91%
mm
91%
qq
91%
qq
91%
qq
91%
mm
88%
mm
88%
mm
88%
mm
88%
mm
88%
mm
88%
mm
88%
mm
88%
mm
88%
qq
88%
qq
88%
qq
88%
qq
88%
qq
88%
qq
88%
qq
88%
qq
88%
qq
88%
qq
85%
mm
82%
mm
82%
mm
82%
mm
82%
qq
82%
qq
82%
qq
82%
qq
79%
mm
76%
mm
76%
mm
76%
qq
76%
qq
76%
qq
76%
mm
73%
mm
73%
qq
73%
qq
73%
mm
70%
mm
70%
qq
70%
mm
67%
qq
67%
qq
67%
mm
64%
qq
61%
mm
58%
mm
55%
mm
55%
mm
55%
qq
55%
qq
55%
qq
55%
mm
52%
mm
52%
qq
52%
qq
52%
mm
48%
mm
48%
qq
48%
qq
48%
qq
48%
mm
45%
mm
45%
mm
45%
qq
45%
qq
45%
qq
42%
mm
39%
mm
39%
mm
39%
mm
39%
mm
39%
qq
39%
qq
39%
qq
39%
qq
39%
mm
36%
qq
36%
qq
33%
mm
30%
qq
30%
mm
27%
mm
27%
qq
27%
mm
24%
mm
24%
mm
24%
qq
24%
qq
24%
qq
24%
mm
21%
qq
21%
mm
18%
qq
18%
qq
18%
mm
15%
qq
15%
mm
12%
mm
12%
mm
12%
mm
12%
qq
12%
qq
12%
qq
12%
mm
9%
mm
9%
qq
9%
qq
9%
mm
6%
mm
6%
mm
6%
mm
6%
mm
6%
mm
6%
qq
6%
qq
6%
qq
6%
qq
6%
qq
6%
qq
6%
qq
6%
mm
3%
mm
3%
mm
3%
mm
3%
qq
3%
qq
3%
qq
3%
mm
0%
mm
0%
mm
0%
mm
0%
mm
0%
mm
0%
mm
0%
mm
0%
mm
0%
mm
0%
mm
0%
mm
0%
mm
0%
mm
0%
qq
0%
qq
0%
qq
0%
qq
0%
qq
0%
qq
0%
qq
0%
qq
0%
qq
0%
qq
0%
qq
0%
qq
0%
qq
0%
qq
0%

Distribution des résultats

Percentile par nombre de réponses

% des personnes avec chaque résultat

Votre développement - résultats

Vous n’avez pas pris ce quiz